Представление документа в формате RUSMARC

ПолеНазваниеЗначение
  Тип записи a
  Библиографический уровень m
001 Контрольный номер RU/REG73/CBS_GRAD/654538915
005 Дата корректировки 20221122154900.0
010 Индекс ISBN __
a ISBN 5-17-010150-3
101 Язык документа __
a Язык текста rus
200 Заглавие и сведения об ответственности __
a Заглавие Праздники
f Первые сведения об ответственности Надин Кретен ; перевод с французского Л. Корнеевой ; художник Д. Тибо
b Общее обозначение материала Текст
203 Вид содержания и тип средства __
a Вид содержания Текст (визуальный) : непосредственный
210 Выходные данные __
a Место издания Москва
c Издательство Астрель: АСТ
d Дата издания 2002
215 Физическое описание __
a Объем 75 с.
686 Индексы других классификаций __
a Классификационный индекс 63.5
700 Автор __
a Фамилия Кретен
g Полное личное имя Надин
801 Источник записи _0
a Страна RU
b Организация RuCBSGrad
g Правила каталогизации PSBO
801 Источник записи _1
a Страна RU
b Организация RuCBSGrad
g Правила каталогизации PSBO
901 Тип документа __
t Тип документа m
981 __
b i
g e
2 isbdcontent
982 __
b n
2 isbdmedia
993 __
a 14585
b 5949
c Ретро
e 218881
f ЦГДБ
h 41.25
i 218881
m 1
n 44101.578507
o I
x 1
y 1
z 63.5